Integrated electronics : analog and digital circuits and systems (Record no. 1119)
[ view plain ]
| 000 -LEADER | |
|---|---|
| Fixed length control field | 00506nam a2200169 4500 |
| 003 - CONTROL NUMBER IDENTIFIER | |
| Control field | SEACOMEC |
| 005 - DATE AND TIME OF LATEST TRANSACTION | |
| Control field | 20240516122845.0 |
| 008 - FIXED-LENGTH DATA ELEMENTS--GENERAL INFORMATION | |
| Fixed length control field | 240516b |||||||| |||| 00| 0 eng d |
| 020 ## - INTERNATIONAL STANDARD BOOK NUMBER / ISBN | |
| International Standard Book Number | 9780070151420 |
| Price | Rs.640.00 |
| 040 ## - CATALOGING SOURCE | |
| Original cataloging agency | SEACOMEC |
| 082 ## - DEWEY DECIMAL CLASSIFICATION NUMBER | |
| Classification number | 621.381 |
| Book Number | M655 |
| 100 ## - MAIN ENTRY--PERSONAL NAME | |
| Personal name | Millman, Jacob |
| 245 1# - TITLE STATEMENT | |
| Title | Integrated electronics : analog and digital circuits and systems |
| Statement of responsibility | Jacob Millman, Christos C Halkias |
| 260 ## - IMPRINT | |
| Place of publication | New Delhi |
| Name of publisher | Tata Mc Graw Hill |
| Date of publication | 2007 |
| 650 ## - SUBJECT ADDED ENTRY--TOPICAL TERM | |
| Topical term | Electronics |
| 942 ## - ADDED ENTRY ELEMENTS (KOHA) | |
| Koha item type | Books |
| Withdrawn status | Lost status | Source of classification | Damaged status | Not for loan | Home library | Current library | Date acquired | Total Checkouts | Call number | Accession number | Date last seen | Price effective from | Koha item type | Copy number |
|---|---|---|---|---|---|---|---|---|---|---|---|---|---|---|
| Dewey Decimal Classification | SEACOM ENGINEERING COLLEGE | SEACOM ENGINEERING COLLEGE | 10/12/2007 | 621.381 M655 | 8841 | 16/05/2024 | 16/05/2024 | Books | ||||||
| Dewey Decimal Classification | SEACOM ENGINEERING COLLEGE | SEACOM ENGINEERING COLLEGE | 10/12/2007 | 621.381 M655 | 8842 | 16/05/2024 | 16/05/2024 | Books | 1 | |||||
| Dewey Decimal Classification | SEACOM ENGINEERING COLLEGE | SEACOM ENGINEERING COLLEGE | 10/12/2007 | 621.381 M655 | 8843 | 16/05/2024 | 16/05/2024 | Books | 2 | |||||
| Dewey Decimal Classification | SEACOM ENGINEERING COLLEGE | SEACOM ENGINEERING COLLEGE | 10/12/2007 | 621.381 M655 | 8844 | 16/05/2024 | 16/05/2024 | Books | 3 | |||||
| Dewey Decimal Classification | SEACOM ENGINEERING COLLEGE | SEACOM ENGINEERING COLLEGE | 10/12/2007 | 621.381 M655 | 8845 | 16/05/2024 | 16/05/2024 | Books | 4 |
